000 00321nam a2200133 i 4500
001 bg
100 1 _aSZUCS, Ervin
245 0 _aModelowanie matematyczne w fizyce i technice /
_cErvin Szucs.
260 _aWarszawa,
_c1977.
040 _cBPK
041 _apol
942 _cKS
008 s pl f |000 0 pol
999 _c17596
_d17596
856 _uhttp://koha.tu.koszalin.pl/cgi-bin/koha/opac-detail.pl?biblionumber=17596
_yKatalog online BPK